000 00370nam a2200145Ia 4500
008 230917s9999||||xx |||||||||||||| ||und||
040 _e146091
_aMAIN
041 _aEnglish
082 _a309.109544 T482M
100 _aTimberg,Tamas
245 0 _aMarwari semaj: vyavasai se uddhog mein
260 _aNew Delhi
_bRadha Krishan
_c1978
300 _a264 p.
942 _cBK
999 _c191853
_d191853